00755 2200169 4500001002100000005001700021008004100038035002400079082001300103090002500116110012100141245023200262260003000494300002200524650002800546990001100574YOGYA-0411000000234420110428085132.0 ind  0010-041100000002344 a301.3506 a301.3506bPan LlYOG aPANITIA DESA BINAAN PANCAMARGA TAHUN 1984/1985 PEDUKUHAN KENTENG KALURAHAN WILADEG KEC. KARANGMOJO KAB. GUNUNG KIDUL aLaporan kegiatan Panitia desa binaan pancamarga tahun 1984/1985 pedukuhan Kenteng kalurahan WIladeg Kec. Karangmojo Kab. Gunung KidulbPanitia Desa Binaan Pancamarga Kalurahan Wiladeg Kecamatan Karangmojo Kabupaten Gunung Kidul a[Yogyakarta]b[s.n]c1985 a[9] lembarb32 cm aDesa pancamarga-laporan a5581-A